00671 a2200121 4500082001600000100001600016245029000032260006800322300003200390650001600422999001500438952009600453 a363.125 BLI aBliss, Tony aImplementing the Recommendations of the World Report on Road Traffic Injury Prevention Country Guidelines for the Conduct of Road Safety Management Capacity Reviews and the Specification of Lead Agency Reforms, Investment Strategies and Safe System Projects /cTony Bliss, Jeanne Breen aWashington :bThe World Bank Global Road Safety Facility,c2009 axvi, 307p. :bill. ;c30 cm aRoad safety c2186d2186 00104070aNITbNITcCEd0000-00-00l0o363.125 BLIpNIT-6931 r2017-01-05w2017-01-05yBK